What are these countries? - Statistics

General Stats
  • This quiz has been taken 31 times
  • The average score is 10 of 12
Answer Stats
Hint Answer % Correct
Uzbek----- Uzbekistan
100%
Ug---a Uganda
96%
Y--en Yemen
96%
Ni--r Niger
88%
Zi-----e Zimbabwe
83%
C--d Chad
79%
De----k Denmark
79%
Jo---n Jordan
75%
Ka-------n Kazakhstan
75%
Democratic -------- -- --- ----- Democratic republic of the congo
71%
Ta-----a Tanzania
71%
Ve------a Venezuela
63%
No matching quizzes found
Score Distribution
Percent of People with Each Score
Percentile by Number Answered
Your Score History
You have not taken this quiz